Top 20 des modèles de voiture les plus vendus en France en 2025 - Statistiques

Statistiques générales
  • Ce quiz a été pris 109 fois
  • Le résultat moyen est 11 sur 20
Statistiques - réponses
Rang Nombre d'immatriculation Marque Modèle % Correct
1 100 101 Renault Clio V
94%
2 73 092 Peugeot 208 II
90%
3 64 399 Dacia Sandero 3
87%
6 38 603 Peugeot 3008 III
86%
5 41 127 Citroen C3 IV
85%
9 36 687 Dacia Duster 3
82%
10 33 437 Toyota Yaris
80%
7 37 997 Renault Renault 5
77%
4 54 634 Peugeot 2008 II
76%
14 22 724 Volkswagen Polo VI
74%
13 29 021 Peugeot 308 III
68%
17 17 264 Peugeot 5008 III
48%
8 36 912 Renault Captur II
39%
16 18 944 Renault Austral
30%
18 16 811 Ford Puma
27%
15 19 207 Tesla Model Y
26%
20 16 283 Dacia Bigster
12%
19 16 750 Citroen C5 Aircross
12%
12 30 286 Renault Symbioz
12%
11 32 106 Toyota Yaris Cross
8%
Aucun quiz correspondant
Distribution des résultats
% des personnes avec chaque résultat
Percentile par nombre de réponses
Votre historique - résultats
Vous n’avez pas pris ce quiz